| 0 | 3 | 0 | 1 | 30 | 68 | 108.00 | 1 | 2 |
History - World History | 0 | 3 | 0 | 0 | 30 | 109 | 116.33 | 0 | 3 |
Social Science | 1 | 1 | 0 | 1 | 25 | 58 | 93.00 | 1 | 1 |
History - American History | 0 | 2 | 1 | 0 | 15 | 95 | 100.50 | 0 | 2 |
History - World History | 1 | 0 | 0 | 0 | 15 | 55 | 55.00 | 1 | 1 |
History - European History | 0 | 2 | 1 | 0 | 15 | 81 | 98.00 | 1 | 2 |
Social Science | 0 | 1 | 0 | 0 | 10 | 103 | 103.00 | 1 | 1 |
Beliefs | 0 | 1 | 0 | 0 | 10 | 94 | 94.00 | 0 | 1 |
Current Events | 0 | 1 | 0 | 0 | 10 | 123 | 123.00 | 0 | 1 |
Fine Arts - Auditory Fine Arts | 0 | 1 | 0 | 0 | 10 | 77 | 77.00 | 0 | 1 |
Geography | 0 | 1 | 0 | 0 | 10 | 71 | 71.00 | 0 | 1 |
Other Arts: Auditory | 0 | 1 | 0 | 0 | 10 | 105 | 105.00 | 0 | 1 |
Other Science: Earth Science | 0 | 1 | 0 | 0 | 10 | 125 | 125.00 | 0 | 1 |
Fine Arts - Auditory Fine Arts | 0 | 1 | 0 | 0 | 10 | 102 | 102.00 | 0 | 0 |
History - European History | 1 | 0 | 1 | 0 | 10 | 34 | 34.00 | 1 | 1 |
History - American History | 0 | 0 | 1 | 0 | -5 | | 0.00 | 0 | 0 |
| 0 | 0 | 1 | 0 | -5 | | 0.00 | 0 | 0 |
Other Science: Math | 0 | 0 | 1 | 0 | -5 | | 0.00 | 0 | 0 |
Literature - British Literature | 0 | 0 | 1 | 0 | -5 | | 0.00 | 0 | 0 |
Other Arts: Visual | 0 | 0 | 2 | 0 | -10 | | 0.00 | 0 | 0 |